|
|
|
|
| LEADER |
00000nam a22000007a 4500 |
| 005 |
20170604233844.0 |
| 007 |
cr|||| |||| |
| 008 |
170604s2016 es |||||s|||| 00||0 spa d |
| 020 |
|
|
|a 978-84-9085-949-0
|
| 035 |
|
|
|a 20330
|
| 040 |
|
|
|a vLex
|
| 090 |
|
|
|c 6751
|d 6751
|
| 100 |
1 |
|
|a Martn̕ez Charterina, Alejandro
|
| 245 |
1 |
2 |
|a La cooperativa y su identidad
|h [Recurso electrn̤ico] /
|c Alejandro Martn̕ez Charterina
|
| 256 |
|
|
|a Servicio en ln̕ea
|
| 260 |
|
|
|a Madrid:
|b Dykinson,
|c 2016
|
| 300 |
|
|
|a 1 recurso electrn̤ico
|
| 500 |
|
|
|a La cooperativa es un modelo de empresa democrt̀ica y participativa que desde sus rac̕es en la primera mitad del siglo XIX se ha distinguido por la adecuacin̤ de sus acciones a unos principios de funcionamiento que, junto con los valores a los que aspira, conforman su identidad. La identidad es justamente el conjunto de rasgos que identifican a esta cooperativa y la diferencian del resto de empresas que llevan a cabo la actividad econm̤ica en una sociedad. La identidad cooperativa la forman en la actualidad los valores y principios cooperativos aprobados por la Alianza Cooperativa Internacional en el Congreso Centenario de la misma institucin̤, que tuvo lugar en Manchester en 1995. Esta identidad pone a las cooperativas en direccin̤ a la sostenibilidad econm̤ica, social y medioambiental.
|
| 506 |
1 |
|
|a Disponible solo en los productos indicados
|d vLex Global
|d vLex Global (Academic Edition, excluding Law Schools)
|d vLex Global (U.S. Academic Edition, Law Schools)
|d vLex Global (U.S. Academic Edition, excluding Law Schools)
|d vLex Global (Academic Edition, Law Schools)
|
| 650 |
0 |
4 |
|a Derecho Mercantil y de la Empresa
|z Espaą
|
| 740 |
0 |
|
|a vLex Libros (Servicio en ln̕ea)
|
| 856 |
4 |
0 |
|u http://vlex.com/source/cooperativa-y-su-identidad-20330
|z Acceso restringido
|
| 942 |
|
|
|c BOOK
|
| 999 |
0 |
|
|a Commercial and Company Law
|